02408cam a2200373 a 450000100090000000300040000900500170001300800410003001000170007102000350008802000250012302000250014802000250017302000250019802000250022304000180024804200080026605000230027408200140029708400230031110000250033424501030035926000480046230000450051050400640055552006560061952005710127565000190184665000350186565000270190065000550192770000260198270000260200816977016OSt20180116192410.0110926s2012 njuab b 001 0 eng  a 2011040421 a9780470903810 (acidfree paper) a9781118180082 (ebk.) a9781118180099 (ebk.) a9781118181812 (ebk.) a9781118182000 (ebk.) a9781118182017 (ebk.) aDLCcDLCdDLC apcc00aHT165.5b.B35 201200a711.4223 aARC0100002bisacsh1 aBain, Lesley,d1955-10aLiving streets :bstrategies for crafting public space /cLesley Bain, Barbara Gray, Dave Rodgers. aHoboken, N.J. :bJohn Wiley & Sons,cc2012. axvi, 316 p. :bill., maps ;c21 x 26 cm. aIncludes bibliographical references (p. 301-309) and index. a"Written for teams of engineers, transportation planners, landscape architects, and urban planners, this book provides a broad overview of the growing approach towards complete and sustainable street design. Its contents present the background on modern street design and where it has failed, describe a series of street typologies, and demonstrate, through geographically diverse case studies, the applicable lessons learned from each. Featuring examples from over two dozen completed street design projects around the world, it provides practical guidance on the complete street approach to sustainable and community-minded street and road design"-- a"Serves to provide practical guidance on the complete street approach to sustainable and community-minded street and road design. Written for teams of engineers, transportation planners, landscape architects and urban planners, the book provides a broad overview of the design and policy tools that have been successful, presents background on modern street design and where it has failed in many aspects, describes a series of street typologies, and demonstrates, through a variety of geographically diverse case studies, the applicable lessons learned from each"-- 0aCity planning. 0aSustainable urban development. 0aCommunity development. 7aARCHITECTURE / Urban & Land Use Planning.2bisacsh1 aGray, Barbara,d1966-1 aRodgers, Dave,d1969-